Прiоритети реформування податковоï полiтики Украïни: як перейти вiд фiскалiзму до стимулювання дiловоï активностi? (Запись № 1593038)

Подробности
000 -МАРКЕР
контрольное поле 01672nam0a2200337 4500
001 - ИДЕНТИФИКАТОР ЗАПИСИ
контрольное поле RU\NLR\bibl\1772701
005 - ИДЕНТИФИКАТОР ВЕРСИИ
контрольное поле 20260407071440.0
010 ## - МЕЖДУНАРОДНЫЙ СТАНДАРТНЫЙ НОМЕР КНИГИ (ISBN)
Номер (ISBN) 978-966-554-105-9
035 ## - ДРУГИЕ СИСТЕМНЫЕ НОМЕРА
Идентификатор записи (NLR Aleph) 001763482
100 ## - ДАННЫЕ ОБЩЕЙ ОБРАБОТКИ
Данные общей обработки 20110524d2010 |||y0rusy50 ca
101 0# - ЯЗЫК РЕСУРСА
Язык текста, звукозаписи и т.д. русский
102 ## - СТРАНА ПУБЛИКАЦИИ ИЛИ ПРОИЗВОДСТВА
Страна публикации Российская Федерация
105 ## - ПОЛЕ КОДИРОВАННЫХ ДАННЫХ: ТЕКСТОВЫЕ МАТЕРИАЛЫ, МОНОГРАФИЧЕСКИЕ
Кодированные данные о монографическом текстовом документе a |||||||||
200 1# - ЗАГЛАВИЕ И СВЕДЕНИЯ ОБ ОТВЕТСТВЕННОСТИ
Основное заглавие Прiоритети реформування податковоï полiтики Украïни: як перейти вiд фiскалiзму до стимулювання дiловоï активностi?
Сведения, относящиеся к заглавию аналiлична доповiдь
Первые сведения об ответственности [Молдован О.О., Шевченко О.В., к.е.н., Єгорова О.О.
Последующие сведения об ответственности Нац. iн-т стратег. дослiджень
210 ## - ПУБЛИКАЦИЯ, РАСПРОСТРАНЕНИЕ И ДР.
Место издания, распространения и т.д. Киïв
Имя издателя, распространителя и т. д. НIСД
Дата издания, распространения и т.д. 2010
215 ## - ФИЗИЧЕСКАЯ ХАРАКТЕРИСТИКА
Специфическое обозначение материала и объем 79 с.
Другие сведения о физической характеристике ил.
Размеры 21
300 ## - ОБЩИЕ ПРИМЕЧАНИЯ
Текст примечания Авт. указаны на обороте тит.л.
320 ## - ПРИМЕЧАНИЯ О НАЛИЧИИ В ДОКУМЕНТЕ БИБЛИОГРАФИИ / УКАЗАТЕЛЯ
Текст примечания Библиогр. в подстроч. примеч.
606 1# - НАИМЕНОВАНИЕ ТЕМЫ КАК ПРЕДМЕТ
Наименование темы Налоговая политика
Географический подзаголовок Украина
Системный номер авторитетной/нормативной записи 2619096
Идентификатор авторитетной/нормативной записи RU\NLR\auth\661555656
686 ## - ИНДЕКСЫ ДРУГИХ КЛАССИФИКАЦИЙ
Индекс У26(2)141.3(2Ук)
700 #1 - ИМЯ ЛИЦА - ПЕРВИЧНАЯ ОТВЕТСТВЕННОСТЬ
Начальный элемент ввода Молдован
Часть имени, кроме начального элемента ввода О. О.
Код отношения Автор
701 #1 - ИМЯ ЛИЦА - АЛЬТЕРНАТИВНАЯ ОТВЕТСТВЕННОСТЬ
Код отношения Автор
Материалы, к которым относится поле ukr
Графика поля Кириллица
Начальный элемент ввода Шевченко
Часть имени, кроме начального элемента ввода О. В.
Дополнения к именам, кроме дат канд. экон. наук
Расширение инициалов личного имени Ольга Валерiïвна
Идентификатор авторитетной/нормативной записи RU\NLR\AUTH\77113971
Системный номер авторитетной/нормативной записи 96896
701 #1 - ИМЯ ЛИЦА - АЛЬТЕРНАТИВНАЯ ОТВЕТСТВЕННОСТЬ
Код отношения Автор
Графика поля Кириллица
Материалы, к которым относится поле ukr
Начальный элемент ввода Єгорова
Часть имени, кроме начального элемента ввода О. О.
Дополнения к именам, кроме дат экономист
Системный номер авторитетной/нормативной записи 134971
Идентификатор авторитетной/нормативной записи RU\NLR\AUTH\770135005
712 02 - НАИМЕНОВАНИЕ ОРГАНИЗАЦИИ - ВТОРИЧНАЯ ОТВЕТСТВЕННОСТЬ
Код отношения Прочие
Материалы, к которым относится поле ukr
Начальный элемент ввода Нацiональний iнститут стратегiчних дослiджень
Идентифицирующий признак Киïв
Идентификатор авторитетной/нормативной записи RU\NLR\AUTH\8810035024
Системный номер авторитетной/нормативной записи 568245
801 #0 - ИСТОЧНИК ЗАПИСИ
Страна Российская Федерация
Организация NLR
Дата составления 20110524
Правила каталогизации RCR
801 #1 - ИСТОЧНИК ЗАПИСИ
Страна Российская Федерация
Организация NLR
Дата составления 20110524
942 ## - ДОПОЛНИТЕЛЬНЫЕ ЭЛЕМЕНТЫ ЗАПИСИ (АБИС)
Тип экземпляра АБИС Книга
980 ## - КОЛЛЕКЦИЯ
Название коллекции Национальная библиография
Экземпляры
Тип экземпляра Дата поступления Источник поступления Стоимость Библиотека постоянного хранения Библиотека текущего хранения Место хранения Шифр хранения Штрих-код Статус экземпляра
Книга 24.05.2011 Международный обмен 200.00 РНБ (Московский) РНБ (Московский) Русский книжный фонд: издания с 1957 года 2011-4/4346 3423252